000 01217nam a2200277 a 4500
003 AM-YeHGA
040 _aAM-YeHGA
090 _c210970
001 000618082
005 20250618073114.0
008 081208s1848 it r 000 0 arm d
041 0 _aarm
100 0 _aՀոմերոս
245 1 0 _aՈդիսական :
_bԻ Մխիթարեան ուխտէն /
_cՀոմերոս; Թարգմ. ի հելլենականէ Հ. Եղիա Վ. Թովմաճեան.
260 _aՎենետիկ :
_bտպ. Սրբոյն Ղազարու,
_c1848.
300 _aՀ. ;
_c14 սմ.
500 _aՍկզբի նկարազարդ տիտղոսաթերթի վրա տպագրության տարեթիվը 1848 է, իսկ բուն տիտզոսաթերթի վրա նշված է միայն հայկական թվականը՝ ՌՄՂԶ (1296+551=1847)
500 _aԲ տիտղթ. Հոմերոսի Ոդիսական
500 _aՇարվ. 5,5x11 սմ
505 1 0 _gՀ. Ա. (1848, 380 էջ)
_gՀ. Բ. (1848, 447 էջ)
546 _aԳրաբար
650 1 4 _aՀունական գրականություն
650 1 4 _aՀունական էպոս
700 1 _aԹովմաճան, Եղիա,
_d1777-1848
_eթարգմ.
_4trl
_93548
942 _2udc
_cBK
999 _c209464
_d209464